| 000 | 00813nam a2200265 a 4500 | ||
|---|---|---|---|
| 008 | |||
| 020 | _a1860581633 (hbk. ) | ||
| 049 | _aMAIN | ||
| 090 |
_aTJ808 _bENE |
||
| 110 | 0 | _aEnergy Committee of the Institution of Mechanical Engineers. | |
| 245 | 1 | 0 | _aInvestment in Renewable Energy. |
| 260 |
_aLondon : _bProfessional Engineering Publishing Limited, _c1998. |
||
| 300 |
_a64 p. : _bill. ; _c24 cm. |
||
| 440 | _aIMechE Seminar Publication. | ||
| 650 | _aSteam-turbines. | ||
| 650 | _aDigital control systems. | ||
| 650 | 1 | _aRenewable Energy. | |
| 650 | _aSteam power plants. | ||
| 650 | _aDigital control systems. | ||
| 907 |
_a.b1020538x _b16-08-13 _c13-06-06 |
||
| 003 | |||
| 005 | 20230123125352.0 | ||
| 040 | _cNUST | ||
| 942 |
_cBOOKS _kTJ808 _mENE |
||
| 999 |
_c140322 _d140322 |
||